Memoria VII Reunión Interamericana de Ejecutivos de Reforma Agraria /

Spremljeno u:
Bibliografski detalji
Autori kompanije: Instituto de Tierras y Colonización (Costa Rica), Instituto Interamericano de Ciencias Agrícolas
Format: Tekst
Izdano: San José: IICA. ITCO
Oznake: Dodaj oznaku
Bez oznaka, Budi prvi tko označuje ovaj zapis!

MARC

LEADER 00000 a a2200000 04500
001 15261
003
040
090 |a 021405  
110 |a Instituto de Tierras y Colonización (Costa Rica)  
245 |a Memoria VII Reunión Interamericana de Ejecutivos de Reforma Agraria /  |c Instituto de Tierras y Colonización (Costa Rica)  
260 |a San José:   |b IICA. ITCO  
710 |a Instituto Interamericano de Ciencias Agrícolas  
999 |c 14655  |d 14655